[Event "45th FIDE Chess Olympiad Open"]
[Site "Budapest, Hungary"]
[Date "2024.09.12"]
[Round "2"]
[White "Camacho Collados, Jose"]
[Black "Schitco, Ivan"]
[Result "1/2-1/2"]
[WhiteElo "2352"]
[BlackElo "2527"]
[PlyCount "83"]
[EventDate "2024.??.??"]
[WhiteTeam "Wales"]
[BlackTeam "Moldova"]
[WhiteTeamCountry "WLS"]
[BlackTeamCountry "MDA"]
[WhiteClock "0:00:51"]
[BlackClock "0:08:01"]

1. d4 Nf6 2. Nf3 g6 3. Bg5 Bg7 4. Nbd2 O-O 5. c3 h6 6. Bh4 d6 7. e4 Qe8 8. a4 ({RR} 8. Qc2 e5 9. dxe5 dxe5 10. Bc4 b6 11. O-O Bb7 12. Rfe1 Nbd7 13. b4 Nh5 14. a4 a6 15. Rad1 Kh8 16. Qb3 f5 17. exf5 gxf5 18. Be6 Nf4 19. Bxd7 Qxd7 20. Nxe5 Bxe5 21. Rxe5 Qg7 {0-1 Svensson,M (2057)-Falkevall,A (2290) Elite Hotels Vaxjo Open 2024 (8.14)}) 8... e5 9. dxe5 dxe5 10. Bc4 a5 $146 ({RR} 10... Nc6 11. a5 Be6 12. Bxf6 Bxf6 13. Qb3 Bxc4 14. Qxc4 Qd7 15. Nb3 Be7 16. Rd1 Qg4 17. h3 Qc8 18. a6 Rb8 19. O-O Kg7 20. Nc5 Bxc5 21. Qxc5 Qe6 22. axb7 Rxb7 23. b4 Rfb8 24. Rd5 a5 25. Nxe5 {1-0 Bisguier,A (2370)-Longren,W US Open-92 Los Angeles 1991}) ({RR} 10... Nh5 11. O-O Nd7 12. a5 a6 13. Ne1 Nf4 14. Nc2 Nc5 15. b4 Nce6 16. Rb1 Qd7 {½-½ Kovacevic,S (2386)-Martin Alvarez,I (2292) La Puebla de Alfinden 2010 (5)}) 11. O-O Nbd7 12. Re1 Nh5 13. Nf1 Nb6 14. Bb3 Be6 15. Ne3 c6 16. Qc2 Nd7 17. Bxe6 Qxe6 18. b4 f5 19. exf5 gxf5 20. Rad1 e4 21. Nd4 Bxd4 22. Rxd4 Ne5 23. Qd1 Qg6 24. Rd6 Nf6 25. Kf1 f4 26. Rxf6 Rxf6 27. Bxf6 Qxf6 28. Ng4 Qe6 29. Nxe5 Qxe5 30. Qg4+ Kh8 31. Qg6 Re8 32. Qxh6+ Kg8 33. h4 e3 34. Qg5+ Qxg5 35. hxg5 axb4 36. cxb4 Re4 37. fxe3 Rxb4 38. a5 fxe3 39. Rxe3 Rb5 40. Re7 Rxa5 41. Rxb7 Rxg5 42. Rc7 1/2-1/2

[Event "45th FIDE Chess Olympiad Open"]
[Site "Budapest, Hungary"]
[Date "2024.09.12"]
[Round "2"]
[White "Macovei, Andrei"]
[Black "Kozusek, Daniel"]
[Result "1-0"]
[WhiteElo "2464"]
[BlackElo "2367"]
[PlyCount "95"]
[EventDate "2024.??.??"]
[WhiteTeam "Moldova"]
[BlackTeam "Wales"]
[WhiteTeamCountry "MDA"]
[BlackTeamCountry "WLS"]
[WhiteClock "0:22:42"]
[BlackClock "0:06:05"]

1. e4 c6 2. d4 d5 3. e5 c5 4. c3 Nc6 5. Be2 cxd4 6. cxd4 Bf5 7. Nf3 e6 8. O-O Nge7 9. Nc3 Bg4 10. Nh4 Bxe2 11. Nxe2 Ng6 12. Nf3 Be7 13. g3 f6 ({RR} 13... O-O 14. h4 f6 15. Nf4 Nxf4 16. Bxf4 f5 17. Qd2 Qe8 18. Kg2 Qh5 19. Rac1 h6 20. a3 Rac8 21. Rc3 {½-½ Adams,M (2670)-Ghasi,A (2496) English Open 2024 (7.1)}) 14. Nf4 Nxf4 15. Bxf4 f5 $146 ({RR} 15... O-O 16. Re1 f5 17. h4 Rc8 18. Rc1 Qb6 19. Re2 Rc7 20. Rec2 Rfc8 21. Kg2 Na5 22. Rxc7 Rxc7 23. Qa4 Rc6 24. Rxc6 Nxc6 25. Qc2 h6 26. Be3 Qd8 27. Qd2 Kh7 28. Qc2 Kg8 29. Qd2 Kh7 30. Qc2 {½-½ Eric,J (2217)-Blagojevic,T (2203) 54th Belgrade WGM 2023 (2.4)}) 16. h4 h6 17. Qd2 O-O 18. Kg2 Qe8 19. Rac1 Rc8 20. a3 Rc7 21. Be3 Qh5 22. Rh1 Rfc8 23. Ne1 b6 24. b4 a5 25. Nd3 axb4 26. axb4 Qf7 27. Ra1 Na7 28. Ra6 Rc2 29. Qd1 Bd8 30. Nc5 Rc4 31. Nxe6 Qxe6 32. Rxa7 Rxb4 33. Qf3 b5 34. Rha1 Bb6 35. R1a6 Rc6 36. Ra8+ Kh7 37. Rf8 Ra4 38. Rxa4 bxa4 39. Rxf5 a3 40. Rf8 a2 41. Ra8 Ba7 42. Qf8 a1=Q 43. h5 Rc8 44. Rxc8 Qxc8 45. Qxc8 Bxd4 46. Qf5+ Kh8 47. Bxd4 Qxd4 48. e6 1-0

[Event "45th FIDE Chess Olympiad Open"]
[Site "Budapest, Hungary"]
[Date "2024.09.12"]
[Round "2"]
[White "Toczek, Grzegorz"]
[Black "Lashkin, Jegor"]
[Result "0-1"]
[WhiteElo "2301"]
[BlackElo "2472"]
[PlyCount "122"]
[EventDate "2024.??.??"]
[WhiteTeam "Wales"]
[BlackTeam "Moldova"]
[WhiteTeamCountry "WLS"]
[BlackTeamCountry "MDA"]
[WhiteClock "0:08:45"]
[BlackClock "0:05:12"]

1. d4 Nf6 2. Nf3 d5 3. Bf4 e6 4. e3 c5 5. c3 Nc6 6. Nbd2 Nh5 7. Bg3 Nxg3 8. hxg3 Qb6 ({RR} 8... Bd7 9. a3 cxd4 10. cxd4 Bd6 11. Rc1 Rc8 12. Nb3 b6 13. Ba6 Rc7 14. Nbd2 f5 15. Nb1 O-O 16. Nc3 Na5 17. Ne5 Be8 18. b4 Bxe5 19. dxe5 Nc4 20. Bxc4 Rxc4 21. Ne2 Re4 22. Qc2 Rxe5 23. Qc7 {0-1 Fernandez,D (2498)-Saric,I (2674) 23rd ch-EUR Indiv 2023 (8.35)}) 9. Qb3 ({RR} 9. Rb1 g6 10. Bd3 cxd4 11. exd4 Bg7 12. Qe2 Qc7 13. Nf1 O-O 14. Ne3 f5 15. Ng5 h6 16. Nf3 Bd7 17. O-O g5 18. Bc2 b5 19. Qd3 Ne7 20. Rfe1 Be8 21. Ng4 Bh5 22. Nge5 g4 23. Nd2 Nc6 {1-0 Camino Carrio,N (1962)-Estremera Panos,S (2233) 16th Montalvo Mem 2024 (6.19)}) 9... Bd7 10. O-O-O $146 ({RR} 10. Bd3 c4 11. Qxb6 axb6 12. Bc2 f5 13. Ke2 Bd6 14. a3 h6 15. Rh5 g6 16. Rh3 Kf7 17. Rah1 Kg7 18. Rh4 g5 19. Rh5 Be8 20. R5h2 g4 21. Nh4 Ne7 22. Re1 Ba4 23. Bb1 Ra5 24. Nf1 Rb5 {0-1 Nilsson,A (2197)-Tikkanen,H (2499) Vaxjo op 2018 (4)}) ({RR} 10. Be2 Be7 11. O-O Qxb3 12. Nxb3 c4 13. Nbd2 h5 14. Kh2 h4 15. gxh4 Bxh4 16. Nxh4 Rxh4+ 17. Kg3 Rh6 18. f3 O-O-O 19. Rh1 Rdh8 20. Rxh6 Rxh6 21. f4 Ne7 22. e4 f6 23. Re1 Nc6 24. exd5 exd5 {1-0 Mwango,L (1920)-Saraci,R (1494) Olympiad Women-44 2022 (4.1)}) 10... Be7 11. Be2 O-O-O 12. Qxb6 axb6 13. a3 h6 14. Bd3 Kc7 15. Kb1 Bf6 16. Bc2 Ra8 17. Nb3 Be7 18. Nc1 b5 19. dxc5 Bxc5 20. Nd4 Na7 21. f4 Be7 22. Nd3 Nc8 23. f5 Bd6 24. Nf4 Re8 25. fxe6 fxe6 26. Bg6 Re7 27. e4 dxe4 28. Bxe4 Nb6 29. Ng6 Rf7 30. Rh5 Ra5 31. Nb3 Ra4 32. Nd4 Bxg3 33. Bd3 Rf6 34. Ne5 Be8 35. Nxb5+ Kb8 36. Bc2 Bxb5 37. Bxa4 Bxa4 38. Rd8+ Kc7 39. Rg8 g5 40. Ng4 Rf1+ 41. Ka2 Bc2 42. Ne3 Bb1+ 43. Kb3 Rf6 44. Rh8 Bf4 45. Ng4 Rf5 46. a4 Ra5 47. R5xh6 Rxa4 48. Nf6 Ra5 49. Kb4 Ra2 50. Ne8+ Kd7 51. b3 Nd5+ 52. Kc4 Be5 53. Rg8 Ra6 54. Rh3 Rc6+ 55. Kb5 Nxc3+ 56. Kb4 Nd5+ 57. Kb5 g4 58. Rxg4 Bf5 59. Rg5 Bxh3 60. Rxe5 Bxg2 61. Ng7 Bf1+ 0-1

[Event "45th FIDE Chess Olympiad Open"]
[Site "Budapest, Hungary"]
[Date "2024.09.12"]
[Round "2"]
[White "Bologan, Victor"]
[Black "Blackburn, Jonathan L B"]
[Result "1-0"]
[WhiteElo "2598"]
[BlackElo "2202"]
[PlyCount "87"]
[EventDate "2024.??.??"]
[WhiteTeam "Moldova"]
[BlackTeam "Wales"]
[WhiteTeamCountry "MDA"]
[BlackTeamCountry "WLS"]
[WhiteClock "0:32:00"]
[BlackClock "0:27:53"]

1. e4 e6 2. d4 d5 3. Nc3 Bb4 4. e5 c5 5. a3 Bxc3+ 6. bxc3 Nc6 7. h4 Bd7 ({RR} 7... f6 8. Qg4 fxe5 9. Qxg7 Qf6 10. Qxf6 Nxf6 11. Bb5 Bd7 12. Bxc6 Bxc6 13. dxe5 Nd7 14. Bf4 O-O-O 15. Ne2 Rdf8 16. Rh3 Bb5 17. Bh2 Rhg8 18. Rg3 Rxg3 19. Bxg3 Rf5 20. f4 Rf8 21. Ng1 Rg8 22. Kf2 {1-0 Gashimov,V (2733)-Korobov,A (2684) EU-ch blitz 29th 2010 (6)}) 8. Qg4 ({RR} 8. h5 Qa5 9. h6 gxh6 10. Bd2 O-O-O 11. Rb1 a6 12. Rh4 Nge7 13. Rxh6 Nf5 14. Rf6 cxd4 15. cxd4 Qxa3 16. c3 Kb8 17. g4 Nh4 18. Rb3 Qa2 19. Bg5 Ng6 20. Rxf7 Rdf8 21. Rf6 Nxd4 22. cxd4 Ba4 {0-1 Stoettner,L (2202)-Hercegovac,N (2278) Titled Tue 6th Aug Late 2024 (4)}) 8... g6 9. h5 Nge7 10. Qd1 $146 ({RR} 10. hxg6 fxg6 11. Nf3 Qa5 12. Bd2 O-O-O 13. c4 Qa4 14. cxd5 Nxd4 15. Nxd4 Qxd4 16. Qxd4 cxd4 17. Bg5 Rde8 18. d6 Nd5 19. Rd1 Ba4 20. Rxd4 Nb6 21. Bf6 Rhg8 22. Rxh7 {1-0 Feliciano Ebert,V (2173)-Dos Santos,O (1830) Campos Novos op 2011 (4)}) 10... Qa5 11. Bd2 O-O-O 12. Nf3 h6 13. a4 g5 14. Bb5 Qc7 15. O-O Rdf8 16. Bc1 f5 17. exf6 Rxf6 18. Nh2 Be8 19. dxc5 Rhf8 20. Be2 Rxf2 21. Rxf2 Rxf2 22. Kxf2 Qxh2 23. Ra3 Nf5 24. c4 Qh4+ 25. Kg1 Ng3 26. Bg4 Qh1+ 27. Kf2 Ne4+ 28. Ke3 Qxg2 29. cxd5 Nb4 30. Bf3 Qf2+ 31. Kxe4 exd5+ 32. Ke5 Nc6+ 33. Kxd5 Bf7+ 34. Ke4 Qxc5 35. Bg4+ Kb8 36. Rd3 Qb4+ 37. Kf3 Ne5+ 38. Kg3 Nxd3 39. Qxd3 Qe7 40. Be3 Qe5+ 41. Kh3 Bd5 42. Qd4 Qxd4 43. Bxd4 Bc6 44. a5 1-0

[Event "45th FIDE Chess Olympiad Open"]
[Site "Budapest, Hungary"]
[Date "2024.09.12"]
[Round "2"]
[White "Quesada Perez, Luis Ernesto"]
[Black "Barrish, Daniel"]
[Result "1-0"]
[WhiteElo "2578"]
[BlackElo "2281"]
[PlyCount "113"]
[EventDate "2024.??.??"]
[WhiteTeam "Cuba"]
[BlackTeam "South Africa"]
[WhiteTeamCountry "CUB"]
[BlackTeamCountry "RSA"]
[WhiteClock "0:09:33"]
[BlackClock "0:03:19"]

1. d4 Nf6 2. Nf3 e6 3. Bf4 d5 4. e3 Bd6 5. Nbd2 O-O 6. Bd3 b6 7. Qe2 Bb7 8. Bg3 ({RR} 8. c3 c5 9. Ne5 Nc6 10. Ndf3 Qc7 11. Nxc6 Bxc6 12. Bxd6 Qxd6 13. Ne5 Rab8 14. a4 Nd7 15. f4 f5 16. g4 Nxe5 17. fxe5 Qe7 18. gxf5 exf5 19. Qg2 Qh4+ 20. Qg3 Qxg3+ 21. hxg3 g6 22. Bb5 Rbc8 {½-½ Xiong,J (2710)-Svidler,P (2714) Saint Louis Rapid 2021 (6)}) ({RR} 8. Bg5 c5 9. c3 Nc6 10. Rd1 a5 11. e4 dxe4 12. Nxe4 Be7 13. dxc5 bxc5 14. Nxf6+ gxf6 15. Bxh7+ Kxh7 16. Rxd8 Rfxd8 17. Qe4+ Kg7 18. Be3 f5 19. Qf4 Ba6 20. Qh6+ Kg8 21. Ng5 {1-0 Weetik,V (2423)-Dias,P (2308) Titled Tue 23rd Jul Early 2024 (1)}) 8... Ne4 9. Rd1 $146 ({RR} 9. Bxd6 cxd6 10. O-O Nd7 11. c4 Nxd2 12. Nxd2 dxc4 13. Nxc4 Nf6 14. Rfd1 Rc8 15. Rac1 Qe7 16. b3 g6 17. Qb2 h5 18. Qa3 Rfd8 19. Qxa7 Ra8 20. Qxb6 Rxa2 21. Ra1 Nd5 22. Qxd8+ Qxd8 23. Rxa2 Nc3 {0-1 Sukandar,I (2365)-Blanco Ronquillo,H (2442) Titled Tue 24th Oct Late 2023 (1)}) 9... Nd7 10. Ba6 Bxa6 11. Qxa6 Nxg3 12. hxg3 f5 13. c4 c6 14. Rc1 Nf6 15. c5 Bc7 16. Qb7 Qd7 17. cxb6 axb6 18. Qxc6 Qxc6 19. Rxc6 Rxa2 20. Ke2 Bd8 21. Rb1 Re8 22. Ng5 e5 23. dxe5 Ng4 24. Re6 Rxe6 25. Nxe6 Be7 26. Nf4 Nxe5 27. Nxd5 Bc5 28. Nc3 Ra8 29. Nf3 Nxf3 30. gxf3 Kf7 31. g4 fxg4 32. fxg4 Re8 33. Ra1 Kg6 34. Ra7 Bd4 35. Rd7 Bf6 36. Rd6 Kg5 37. Kf3 Bxc3 38. bxc3 Rc8 39. Kg3 g6 40. f4+ Kh6 41. Rd7 g5 42. f5 Rxc3 43. Kf2 Rc4 44. Kf3 b5 45. e4 b4 46. e5 Rf4+ 47. Ke3 b3 48. e6 b2 49. Rb7 Rf1 50. Rxb2 Kg7 51. Ke4 Kf6 52. Rb7 Re1+ 53. Kf3 h6 54. Rf7+ Ke5 55. e7 Kd6 56. f6 Re6 57. Rf8 1-0

[Event "45th FIDE Chess Olympiad Open"]
[Site "Budapest, Hungary"]
[Date "2024.09.12"]
[Round "2"]
[White "Karsten, Jan"]
[Black "Berdayes Ason, Dylan Isidro"]
[Result "1-0"]
[WhiteElo "2311"]
[BlackElo "2474"]
[PlyCount "137"]
[EventDate "2024.??.??"]
[WhiteTeam "South Africa"]
[BlackTeam "Cuba"]
[WhiteTeamCountry "RSA"]
[BlackTeamCountry "CUB"]
[WhiteClock "0:00:47"]
[BlackClock "0:00:34"]

1. e4 c6 2. d4 d5 3. e5 Bf5 4. h4 h5 5. Bd3 Qd7 ({RR} 5... Bxd3 6. Qxd3 Qa5+ 7. Nd2 e6 8. Ngf3 Qa6 9. c4 Nh6 10. O-O Nd7 11. b3 Nf5 12. a4 Rd8 13. Qc2 Be7 14. Ba3 Bxa3 15. Rxa3 Qb6 16. a5 Nxd4 17. axb6 Nxc2 18. Rxa7 Rb8 19. c5 Nb4 20. Ra4 {1-0 Shirov,A (2668)-Bareev,E (2631) Canadian Open 2023 (8.2)}) 6. c3 ({RR} 6. Nc3 g6 7. Nce2 Nh6 8. Ng3 Bxd3 9. Qxd3 c5 10. dxc5 Nc6 11. Bxh6 Bxh6 12. Nf3 Bf4 13. O-O Nxe5 14. Nxe5 Bxe5 15. Rad1 Rd8 16. c4 Qc7 17. cxd5 Qxc5 18. Rfe1 Bxg3 19. Qxg3 O-O 20. Re5 Qd6 {½-½ Klabis,R (2420)-Berdayes Ason,D (2509) 47th Sitges Open 2023 (6.2)}) 6... Nh6 $146 ({RR} 6... Bxd3 7. Qxd3 e6 8. Nf3 Ne7 9. Bg5 Nf5 10. Nbd2 c5 11. O-O Nc6 12. a3 Be7 13. Rfe1 Bxg5 14. hxg5 c4 15. Qc2 g6 16. g3 O-O-O 17. b3 cxb3 18. Nxb3 Qc7 19. Reb1 Nfe7 20. a4 Nb4 21. Qb2 {0-1 Czopor,M (2361)-Janik,I (2511) IV Mindsports Int Open 2024 (9.4)}) ({RR} 6... Bxd3 7. Qxd3 e6 8. Nf3 Nh6 9. Bxh6 Rxh6 10. O-O c5 {½-½ Schulze,T (2285)-Abel,D (2440) Hannover Bezirks-ch A 2019 (6.1)}) ({RR} 6... c5 7. dxc5 Nc6 8. Nf3 Bg4 9. Bf4 e6 10. b4 a5 11. b5 Na7 12. a4 Bxc5 13. Nbd2 Ne7 14. Nb3 Bb6 15. Nbd4 O-O 16. Qd2 Nac8 17. Nh2 Bf5 18. Nxf5 exf5 19. Nf3 Ng6 20. Bh2 Qe7 21. Bxf5 {½-½ Sandu,M (2270)-Trifoi,M (2003) ch-ROU Women 2024 (3.1)}) 7. Ne2 g6 8. Bg5 Bg7 9. Bxf5 Qxf5 10. Qb3 Qd7 11. e6 Qxe6 12. Qxb7 Qd7 13. Qxa8 O-O 14. O-O Na6 15. Qxf8+ Bxf8 16. Nd2 Nf5 17. Nf3 f6 18. Bf4 Nc7 19. Rfe1 Ne6 20. Bd2 Qb7 21. b3 Qc7 22. g3 Kf7 23. Nf4 Nxf4 24. Bxf4 Qa5 25. Bd2 Qa6 26. Kg2 Nd6 27. Bf4 Nf5 28. Nd2 Qd3 29. Rac1 Ng7 30. Bh6 Ne6 31. Be3 Ng7 32. Nf3 Nf5 33. Bf4 Bg7 34. c4 Bf8 35. cxd5 cxd5 36. Rc7 Nxd4 37. Nxd4 Qxd4 38. Be3 Qb4 39. Rd1 a6 40. Rd7 Ke6 41. Ra7 Qa5 42. Rd2 Kf7 43. Kh2 Qb5 44. Rc7 Ke6 45. Rc5 Qb7 46. Bf4 Kf5 47. Rcxd5+ e5 48. Be3 Bb4 49. Rd1 Qc6 50. Rd7 Qc2 51. Ra1 Qb2 52. Rdd1 g5 53. hxg5 fxg5 54. Kg2 Qc2 55. Rac1 Qxa2 56. Rh1 Qe2 57. Rc7 Ba5 58. Rh7 h4 59. gxh4 Qg4+ 60. Kh2 e4 61. Rc1 Bb4 62. Rh6 Qf3 63. hxg5 Ke5 64. Rcc6 Kd5 65. Rxa6 Qg4 66. Rab6 Qd7 67. Rxb4 Ke5 68. Rc4 Kf5 69. Kg3 1-0

[Event "45th FIDE Chess Olympiad Open"]
[Site "Budapest, Hungary"]
[Date "2024.09.12"]
[Round "2"]
[White "Miranda Mesa, Elier"]
[Black "Levitan, Caleb Levi"]
[Result "1-0"]
[WhiteElo "2512"]
[BlackElo "2193"]
[PlyCount "83"]
[EventDate "2024.??.??"]
[WhiteTeam "Cuba"]
[BlackTeam "South Africa"]
[WhiteTeamCountry "CUB"]
[BlackTeamCountry "RSA"]
[WhiteClock "0:01:23"]
[BlackClock "0:01:32"]

1. e4 e5 2. Nf3 Nc6 3. Bb5 a6 4. Ba4 d6 5. c3 f5 6. exf5 Bxf5 7. O-O Bd3 8. Re1 Be7 9. Bc2 Bxc2 10. Qxc2 Nf6 11. d4 e4 12. Ng5 d5 13. f3 h6 14. Nh3 O-O 15. Nd2 exf3 16. Nxf3 Rf7 17. Nf2 ({RR} 17. Qf5 Bd6 18. Bf4 Qd7 19. Qxd7 Rxd7 20. Bxd6 cxd6 21. Nf4 Kf7 22. Rf1 Re7 23. Nh4 Kg8 24. Nf5 Rd7 25. Rae1 Kh7 26. Re6 Rad8 27. Rfe1 b5 28. b4 a5 29. a3 a4 30. h3 h5 31. R1e3 Kh8 {½-½ Dominguez Perez,L (2655)-Korneev,O (2657) Barcelona Casino 2006 (3)}) 17... Bd6 18. Ne5 Re7 19. Bf4 Nh5 $146 ({RR} 19... Qe8 20. Nfd3 Bxe5 21. Bxe5 Nxe5 22. Nxe5 Qh5 23. Re3 Rae8 24. Rh3 Qg5 25. Rg3 Qh5 26. Rh3 Qg5 27. Rg3 Qh5 28. Rf1 Ne4 29. Rgf3 Qg5 30. Rf4 Re6 31. Qd3 Rf6 32. Rxf6 Nxf6 33. Qf3 c6 34. Nd7 {½-½ Rodchenkov,S (2355)-Yandemirov,V (2481) RUS-chT Clubs sf 2005 (2)}) 20. Nxc6 bxc6 21. Bxd6 Qxd6 22. Rxe7 Qxe7 23. Ng4 Nf6 24. Ne5 c5 25. h3 Re8 26. Re1 Qd6 27. Rf1 cxd4 28. cxd4 Qb6 29. Qf2 Qe6 30. b4 Rf8 31. a3 Nd7 32. Nf3 Nb6 33. Ng5 Rxf2 34. Nxe6 Rxf1+ 35. Kxf1 Nc4 36. a4 c6 37. a5 Ne3+ 38. Ke2 Nc2 39. Kd2 Nxb4 40. Nc5 Kf7 41. Kc3 Na2+ 42. Kb2 1-0

[Event "45th FIDE Chess Olympiad Open"]
[Site "Budapest, Hungary"]
[Date "2024.09.12"]
[Round "2"]
[White "Mhango, Banele"]
[Black "Almeida Quintana, Omar"]
[Result "0-1"]
[WhiteElo "2261"]
[BlackElo "2492"]
[PlyCount "94"]
[EventDate "2024.??.??"]
[WhiteTeam "South Africa"]
[BlackTeam "Cuba"]
[WhiteTeamCountry "RSA"]
[BlackTeamCountry "CUB"]
[WhiteClock "0:14:14"]
[BlackClock "0:26:44"]

1. d4 g6 2. e4 Bg7 3. Nc3 d6 4. f4 a6 5. Nf3 b5 6. Bd3 Nd7 7. e5 c5 8. exd6 exd6 9. O-O ({RR} 9. dxc5 Nxc5 10. Qe2+ Ne7 11. Nd5 Be6 12. Nxe7 Qxe7 13. O-O O-O 14. Be3 Nxd3 15. cxd3 Bf5 16. Qd2 Rfe8 17. Rae1 Qb7 18. Nd4 Bd7 19. f5 Be5 20. fxg6 fxg6 21. Nf3 Bg7 22. Bh6 Bf5 23. Bxg7 Qxg7 {0-1 Ljukin,S (2362)-Chernov,M (2213) Titled Tue 21st Mar Early 2023 (8)}) 9... Ne7 10. dxc5 Nxc5 11. Ne4 $146 ({RR} 11. Re1 O-O 12. Be3 Nf5 13. Bf2 b4 14. Ne4 Qc7 15. Nxc5 dxc5 16. Bc4 Qxf4 17. Qd5 Be6 18. Qe4 Qxe4 19. Rxe4 Nd6 20. Rxe6 fxe6 21. Bxe6+ Kh8 22. Bxc5 Rfd8 23. Ng5 h6 24. Bd5 Rac8 25. Ne6 Rd7 {0-1 Schut,H (2101)-Chernomordik,P (2177) Titled Tuesday intern op 04th May blitz 2021 (11)}) 11... O-O 12. c3 Bb7 13. Ng3 Qb6 14. Kh1 Nd5 15. f5 Rae8 16. Bc2 b4 17. cxb4 Nxb4 18. Ng5 Qc6 19. Nf3 Qd5 20. Bg5 h6 21. Bd2 Nxc2 22. Qxc2 Qd3 23. Qxd3 Nxd3 24. f6 Bxf6 25. Bxh6 Bg7 26. Bxg7 Kxg7 27. b3 Ne5 28. Nd4 Ng4 29. Kg1 Ne3 30. Rf2 f5 31. Rc1 Rf7 32. Nf1 Ng4 33. Rd2 Rfe7 34. h3 Nf6 35. Rdc2 Nd5 36. Nc6 Re2 37. Nd4 Rxc2 38. Rxc2 Kf6 39. Rd2 Nf4 40. Nh2 g5 41. Ndf3 Re2 42. Rxd6+ Ke7 43. Rh6 Rxg2+ 44. Kf1 Be4 45. a3 Bd3+ 46. Ke1 Re2+ 47. Kd1 Bc2+ 0-1

[Event "45th FIDE Chess Olympiad Open"]
[Site "Budapest, Hungary"]
[Date "2024.09.12"]
[Round "2"]
[White "Arab, Adlane"]
[Black "Kadric, Denis"]
[Result "1/2-1/2"]
[WhiteElo "2477"]
[BlackElo "2553"]
[PlyCount "82"]
[EventDate "2024.??.??"]
[WhiteTeam "Algeria"]
[BlackTeam "Montenegro"]
[WhiteTeamCountry "ALG"]
[BlackTeamCountry "MNE"]
[WhiteClock "0:08:52"]
[BlackClock "0:05:52"]

1. d4 d6 2. Nf3 Nf6 3. c4 g6 4. Nc3 Bg7 5. Bf4 Bf5 6. e3 Nh5 7. Bg5 h6 8. Bh4 g5 9. Bg3 c5 10. dxc5 $146 ({RR} 10. Be2 Nxg3 11. hxg3 Qb6 12. O-O Nc6 13. Qd2 cxd4 14. Nd5 Qd8 15. Nxd4 Bd7 16. Rac1 O-O 17. Rfd1 e6 18. Nc3 Nxd4 19. exd4 d5 20. c5 a5 21. Bb5 Bc6 22. Bxc6 bxc6 23. Rb1 e5 24. dxe5 Bxe5 {0-1 Goutham Krishna H (2288)-Dhananjay,S (2151) 1st SOA Int Open 2024 (9.13)}) 10... Nxg3 11. hxg3 dxc5 12. Qxd8+ Kxd8 13. O-O-O+ Nd7 14. Bd3 Bg4 15. Kc2 e6 16. Rd2 Ke7 17. Nh2 Ne5 18. Nxg4 Nxg4 19. Ne4 f5 20. Be2 Ne5 21. Nd6 Rab8 22. Rhd1 Rhd8 23. a3 a6 24. b4 cxb4 25. axb4 Nc6 26. Kb3 b6 27. f4 g4 28. b5 axb5 29. cxb5 Na5+ 30. Kb4 h5 31. Nc4 Rxd2 32. Rxd2 Nxc4 33. Bxc4 Bf8 34. Kc3 Kf6 35. Re2 Bd6 36. e4 fxe4 37. Rxe4 e5 38. Re3 Rd8 39. Rd3 exf4 40. gxf4 h4 41. Rd5 Bc7 1/2-1/2

[Event "45th FIDE Chess Olympiad Open"]
[Site "Budapest, Hungary"]
[Date "2024.09.12"]
[Round "2"]
[White "Petrov, Nikita"]
[Black "Djabri, Massinas"]
[Result "1/2-1/2"]
[WhiteElo "2574"]
[BlackElo "2280"]
[PlyCount "149"]
[EventDate "2024.??.??"]
[WhiteTeam "Montenegro"]
[BlackTeam "Algeria"]
[WhiteTeamCountry "MNE"]
[BlackTeamCountry "ALG"]
[WhiteClock "0:06:44"]
[BlackClock "0:29:24"]

1. d4 Nf6 2. Nf3 e6 3. Bg5 d5 4. Nbd2 Be7 5. e3 h6 6. Bh4 Nbd7 7. Bd3 b6 8. O-O Bb7 9. c4 O-O 10. cxd5 exd5 11. Rc1 c5 12. Bf5 $146 ({RR} 12. Re1 Ne4 13. Bxe7 Qxe7 14. Bb5 Ndf6 15. Ne5 Rac8 16. Bf1 Nxd2 17. Qxd2 Ne4 18. Qe2 cxd4 19. exd4 Qb4 20. Rcd1 Rc7 21. Qb5 Qxb5 22. Bxb5 Rc2 23. Nd3 a6 24. Bd7 Bc8 25. Bxc8 Rfxc8 {½-½ Haddad Filho,P (1972)-De Carvalho,I (1840) Batatais op 2nd 2011 (6)}) ({RR} 12. Bb1 Ne4 13. Bg3 Nxg3 14. hxg3 Nf6 15. Ne5 Bd6 16. Ng4 cxd4 17. exd4 Nxg4 18. Qxg4 Rc8 19. Nf3 Qf6 20. Qd7 Qe7 21. Qf5 g6 22. Qg4 Kg7 23. Nh4 Qg5 24. Qxg5 hxg5 25. Nf3 f6 26. Bd3 Rxc1 {1-0 Just,W (2183)-Kaiser,M (1792) Leipzig VfB op 13th 2006 (1)}) ({RR} 12. Bg3 a6 13. Ne5 Nxe5 14. Bxe5 Bd6 15. Nf3 Bc8 16. h3 Re8 17. Re1 Be6 18. b3 Ra7 19. Qe2 Bc8 20. Qb2 Bf8 21. Red1 Be6 22. Qe2 Nd7 23. Bg3 Qa8 24. Bb1 b5 25. dxc5 Nxc5 26. Nd4 Ne4 {½-½ Dorner,M (2285)-Prange,S (2193) Oberliga NRW 0102 I 2001 (5.3)}) 12... Ne4 13. Bxe7 Qxe7 14. Bxd7 Qxd7 15. dxc5 Nxc5 16. Nb3 Rac8 17. Re1 Rfe8 18. Nbd4 a5 19. Rc3 b5 20. Qc2 Ne4 21. Rxc8 Rxc8 22. Qb3 b4 23. a3 Nc5 24. Qd1 Ba6 25. Qb1 Bd3 26. Ne5 Bxb1 27. Nxd7 Nxd7 28. Rxb1 bxa3 29. bxa3 Rc3 30. Nb5 Rc2 31. h3 Ra2 32. Rc1 Ne5 33. Rd1 Nc4 34. Rd3 g6 35. Rxd5 Nxa3 36. Nxa3 Rxa3 37. g4 Ra1+ 38. Kg2 a4 39. Ra5 a3 40. Ra7 a2 41. Kf3 Kg7 42. h4 Kf6 43. Ra6+ Kg7 44. Kg2 Kg8 45. h5 gxh5 46. gxh5 Kg7 47. Kf3 Rh1 48. Rxa2 Rxh5 49. e4 Rh3+ 50. Kg4 Rh2 51. Kg3 Rh1 52. f4 Rg1+ 53. Kf3 Rf1+ 54. Kg4 Rg1+ 55. Kf5 Rg6 56. e5 Rg1 57. Re2 Rg6 58. Ke4 Rg4 59. Kf3 h5 60. f5 Ra4 61. Rg2+ Kf8 62. Rb2 Ke7 63. Rb7+ Ke8 64. Rb1 Ke7 65. Re1 f6 66. e6 Ra5 67. Kf4 Ra4+ 68. Re4 Ra1 69. Re2 Ra4+ 70. Re4 Ra1 71. Rb4 Rf1+ 72. Ke4 Re1+ 73. Kd4 Re5 74. Rb7+ Ke8 75. Rb8+ 1/2-1/2

[Event "45th FIDE Chess Olympiad Open"]
[Site "Budapest, Hungary"]
[Date "2024.09.12"]
[Round "2"]
[White "Brahami, Lamine"]
[Black "Djukic, Nikola"]
[Result "0-1"]
[WhiteElo "2188"]
[BlackElo "2515"]
[PlyCount "102"]
[EventDate "2024.??.??"]
[WhiteTeam "Algeria"]
[BlackTeam "Montenegro"]
[WhiteTeamCountry "ALG"]
[BlackTeamCountry "MNE"]
[WhiteClock "0:07:49"]
[BlackClock "0:15:50"]

1. d4 Nf6 2. c4 g6 3. Nc3 Bg7 4. e4 d6 5. Nf3 O-O 6. Be2 Nbd7 7. O-O e5 8. Be3 Qe7 9. Qc2 c6 10. Rad1 h6 11. h3 exd4 12. Bxd4 ({RR} 12. Rxd4 Nc5 13. Rfd1 a5 14. b3 Re8 15. Nd2 Ne6 16. Rd3 Nc5 17. Rd4 Ne6 18. Rd3 Nc5 19. Bxc5 dxc5 20. Re3 Nd7 21. e5 Nf8 22. Nf3 Ne6 23. Qd2 Nf4 24. Ne4 Be6 25. Nd6 Red8 26. Bf1 g5 {1-0 Bluebaum,M (2640)-Ambartsumian,T (2156) Titled Tue 23rd Jul Late 2024 (5)}) 12... b6 13. Rfe1 Bb7 14. Qd2 $146 ({RR} 14. Bf1 Rfe8 15. Nd2 c5 16. Be3 Ne5 17. Nd5 Bxd5 18. exd5 Qb7 19. f4 Ned7 20. Bf2 b5 21. Rxe8+ Rxe8 22. cxb5 Nxd5 23. Nc4 Bf8 24. g3 Nb4 25. Qd2 d5 26. a3 dxc4 27. Qxd7 Qxd7 28. Rxd7 Nd3 {1-0 Goldbeck,L (2260)-Sesselmann,C (2020) 94th ch-Bavaria 2023 (1.5)}) 14... Nc5 15. Bxc5 dxc5 16. e5 Nh7 17. Qd7 Rfe8 18. Ne4 Nf8 19. Qxe7 Rxe7 20. Nd6 Ba6 21. Bf1 Rd7 22. Rd3 Rad8 23. Red1 Ne6 24. Ra3 Nc7 25. Re1 f6 26. Ne4 fxe5 27. Be2 g5 28. h4 g4 29. Nh2 Rd4 30. Bxg4 Bxc4 31. Rxa7 Nb5 32. Ra4 Bd5 33. Rxd4 exd4 34. a4 Nc7 35. a5 bxa5 36. Nxc5 Rb8 37. Re2 Rb5 38. Rc2 Bf8 39. Nd7 Be7 40. Nf3 d3 41. Rd2 Be4 42. Nde5 Bb4 43. Rd1 d2 44. Nc4 Bc2 45. Rxd2 Bxd2 46. Nfxd2 Bd3 47. Bd7 Bxc4 48. Nxc4 Rc5 49. Ne3 Kf8 50. g3 Nd5 51. Nf5 Nb6 0-1